000 00810nam a22002057a 4500
003 OSt
005 20230629122914.0
008 121101t xxu||||| |||| 00| 0 eng d
024 _aGPCL/A733/2,000/08/2019
040 _cLC
050 _aKRX13.C73
110 _bParliament of Ghana
_91939
245 _aCompanies Act, 2019 (Act 992). /
_cParliament of Ghana
246 _aAct 992
260 _aAccra :
_bGhana Publishing Company,
_c2019.
300 _a411 p.:
505 _aContents: Preliminary provisions -- Provisions applicable to all companies -- Additional provisions applicable to private companies only -- Additional provisions applicable to public companies only -- Provisions applicable to external companies -- Supplementary --
650 _aCorporation law .
_xGhana.
_91940
942 _2lcc
_cBK
999 _c9860
_d17360